Footprints of foreign explorers on the Silk Road / (Record no. 232611)
[ view plain ]
| 000 -LEADER | |
|---|---|
| fixed length control field | 01109cam a2200289 a 4500 |
| 001 - CONTROL NUMBER | |
| control field | 15826735 |
| 003 - CONTROL NUMBER IDENTIFIER | |
| control field | NUST |
| 005 - DATE AND TIME OF LATEST TRANSACTION | |
| control field | 20170221132418.0 |
| 008 - FIXED-LENGTH DATA ELEMENTS--GENERAL INFORMATION | |
| fixed length control field | 090721s2006 cc abcf 000 0 eng d |
| 010 ## - LIBRARY OF CONGRESS CONTROL NUMBER | |
| LC control number | 2009446464 |
| 020 ## - INTERNATIONAL STANDARD BOOK NUMBER | |
| International Standard Book Number | 7508507061 |
| 020 ## - INTERNATIONAL STANDARD BOOK NUMBER | |
| International Standard Book Number | 9787508507064 |
| 035 ## - SYSTEM CONTROL NUMBER | |
| System control number | (OCoLC)ocm77083025 |
| 040 ## - CATALOGING SOURCE | |
| Original cataloging agency | JPG |
| Transcribing agency | JPG |
| Modifying agency | JPG |
| -- | DLC |
| 041 1# - LANGUAGE CODE | |
| Language code of text/sound track or separate title | eng |
| Language code of original | chi |
| 042 ## - AUTHENTICATION CODE | |
| Authentication code | lccopycat |
| 050 00 - LIBRARY OF CONGRESS CALL NUMBER | |
| Classification number | DS328 |
| Item number | .S53413 2006 |
| 082 ## - DEWEY DECIMAL CLASSIFICATION NUMBER | |
| Classification number | 915.80443 |
| 130 0# - MAIN ENTRY--UNIFORM TITLE | |
| Uniform title | Si chou zhi lu shang wai guo tan xian jia de zu ji. |
| Language of a work | English |
| 245 10 - TITLE STATEMENT | |
| Title | Footprints of foreign explorers on the Silk Road / |
| Statement of responsibility, etc. | [editor in chief Wu Dunfu] . |
| 260 ## - PUBLICATION, DISTRIBUTION, ETC. | |
| Place of publication, distribution, etc. | Beijing : |
| Name of publisher, distributor, etc. | China Intercontinental Press, |
| Date of publication, distribution, etc. | 2006. |
| 300 ## - PHYSICAL DESCRIPTION | |
| Extent | 177 p., [1] folded leaf of plates : |
| Other physical details | ill. (some col.), col. maps, ports. ; |
| Dimensions | 30 cm. |
| 650 #0 - SUBJECT ADDED ENTRY--TOPICAL TERM | |
| Topical term or geographic name entry element | Art, Chinese |
| Geographic subdivision | China, Northwest. |
| 651 #0 - SUBJECT ADDED ENTRY--GEOGRAPHIC NAME | |
| Geographic name | Silk Road |
| General subdivision | Antiquities. |
| 651 #0 - SUBJECT ADDED ENTRY--GEOGRAPHIC NAME | |
| Geographic name | Silk Road |
| General subdivision | Description and travel. |
| 700 1# - ADDED ENTRY--PERSONAL NAME | |
| Personal name | Wu, Dunfu. |
| 906 ## - LOCAL DATA ELEMENT F, LDF (RLIN) | |
| a | 7 |
| b | cbc |
| c | copycat |
| d | 3 |
| e | ncip |
| f | 20 |
| g | y-gencatlg |
| 942 ## - ADDED ENTRY ELEMENTS (KOHA) | |
| Source of classification or shelving scheme | |
| Koha item type | Book |
| Withdrawn status | Lost status | Source of classification or shelving scheme | Damaged status | Not for loan | Collection code | Permanent Location | Current Location | Shelving location | Date acquired | Full call number | Barcode | Date last seen | Price effective from | Koha item type | Total Checkouts | Date last checked out |
|---|---|---|---|---|---|---|---|---|---|---|---|---|---|---|---|---|
| Central Library (CL) | Central Library (CL) | Chinese Studies | 02/21/2017 | 915.80443 FOO | S3H-D-49 | 11/03/2025 | 02/21/2017 | Book | ||||||||
| Central Library (CL) | Central Library (CL) | Chinese Studies | 02/21/2017 | 915.80443 FOO | S3H-D-48 | 02/23/2023 | 02/21/2017 | Book | 1 | 09/30/2021 |
